[Event "Sideways Pawns: Increase pawn strength"]
[Site "SchemingMind.com"]
[Date "2022.11.13"]
[Round "-"]
[White "im_cincinnati_kid37"]
[Black "surfnsuds"]
[Result "0-1"]
[WhiteCountry "USA"]
[BlackCountry "USA"]
[WhiteElo "973"]
[WhiteRD "134"]
[BlackElo "1100"]
[BlackRD "118"]
[GameID "728369"]

1. e4 e5 2. Nf3 d6 3. d4 Qe7 4. Be2 exd4 5. Nxd4 c5 6. Nf3 Nc6 7. c3 Bg4 8. d3 Nf6 9. Bg5 Qe6 10. Nbd2 Be7
11. h3 Bxf3 12. gxf3 Qf5 13. f4 h6 14. Bxf6 Qxf6 15. Ne4 Qf5 16. Bg4 Qxf4 17. Ke2 O-O 18. Rf1 f5 19. Nf6+ Rxf6 20. Bf3 Qe5+
21. Kd2 Re6 22. Re1 Qf6 23. Rxe6 Qxe6 24. c4 Re8 25. Qe1 Bg5+ 26. e3 Qe5
0-1

[Event "Sideways Pawns: Increase pawn strength"]
[Site "SchemingMind.com"]
[Date "2022.11.14"]
[Round "-"]
[White "im_cincinnati_kid37"]
[Black "Ilang"]
[Result "0-1"]
[WhiteCountry "USA"]
[BlackCountry "HUN"]
[WhiteElo "1115"]
[WhiteRD "157"]
[BlackElo "1864"]
[BlackRD "114"]
[GameID "728370"]

1. e4 e5 2. Nf3 Nc6 3. Nc3 Nf6 4. d3 d5 5. Qe2 d4 6. Nd5 Nxd5 7. exd5 Qxd5 8. Bd2 f6 9. a3 Be6 10. Qe4 Qb5
11. Be2 Be7 12. Bf1 Qxb2 13. Rc1 Qxa3 14. Be2 f5
0-1

[Event "Sideways Pawns: Increase pawn strength"]
[Site "SchemingMind.com"]
[Date "2022.11.14"]
[Round "-"]
[White "Ilang"]
[Black "im_cincinnati_kid37"]
[Result "1-0"]
[WhiteCountry "HUN"]
[BlackCountry "USA"]
[WhiteElo "1864"]
[WhiteRD "114"]
[BlackElo "1115"]
[BlackRD "157"]
[GameID "728371"]

1. e4 e5 2. Nf3 f6 3. d4 d5 4. exd5 Qxd5 5. Nc3 Qe6 6. dxe5 fxe5 7. Ng5 Qe7 8. Bd2 Bd7 9. Nce4 h6 10. Qh5+ Kd8
11. Nf7+ Kc8 12. Nxh8 Nf6 13. Nxf6 Qxf6 14. Bc4 Bc5 15. O-O Nc6 16. Rad1 b6 17. Ba6+ Kd8 18. Bc3 Ke7 19. Ng6+ Ke6 20. Bc4+ d5
21. Bxd5+ Kd6 22. Bxf6
1-0

[Event "Sideways Pawns: Increase pawn strength"]
[Site "SchemingMind.com"]
[Date "2022.11.13"]
[Round "-"]
[White "im_cincinnati_kid37"]
[Black "Schaakmaatje"]
[Result "0-1"]
[WhiteCountry "USA"]
[BlackCountry "NED"]
[WhiteElo "1115"]
[WhiteRD "157"]
[BlackElo "1681"]
[BlackRD "156"]
[GameID "728372"]

1. e4 c5 2. c4 e5 3. Nc3 Nf6 4. d3 h6 5. h3 d6 6. Nd5 c6 7. Nxf6+ Qxf6 8. Nf3 Bd6 9. Be2 Nd7 10. a3 Nb6
11. Bd2 Be6 12. Qc2 O-O 13. O-O Qe7 14. b3 f5 15. exf5 Bxf5 16. a4 d5 17. Rfe1 Qc7 18. g4 Bh7 19. Bc1 Rae8 20. Qa2 Rxf3
21. g2 Rff8 22. f4 Nd7 23. cxd5 cxd5 24. Rb1 Bxd3 25. Rb2 Bxf4 26. Bxf4 Qxf4 27. Rd2 Qf2+ 28. Kh1 Qxe1+ 29. Kh2 Rxe2 30. Rxe2 Qxe2
31. Qxe2 Bxe2
0-1

[Event "Sideways Pawns: Increase pawn strength"]
[Site "SchemingMind.com"]
[Date "2022.11.13"]
[Round "-"]
[White "Schaakmaatje"]
[Black "im_cincinnati_kid37"]
[Result "1-0"]
[WhiteCountry "NED"]
[BlackCountry "USA"]
[WhiteElo "1681"]
[WhiteRD "156"]
[BlackElo "1115"]
[BlackRD "157"]
[GameID "728373"]

1. d4 d5 2. Bf4 e6 3. Nf3 Bd6 4. Bxd6 Qxd6 5. c3 Bd7 6. e3 Nf6 7. Bd3 Ng4 8. O-O O-O 9. h3 Nf6 10. Ne5 Be8
11. Nd2 c5 12. Ng4 Nxg4 13. Qxg4 Nd7 14. dxc5 Nxc5 15. Bc2 Bb5 16. Rfd1 e5 17. c4 Bd7 18. Qh4 dxc4 19. Qxh7#
1-0

[Event "Sideways Pawns: Increase pawn strength"]
[Site "SchemingMind.com"]
[Date "2022.11.13"]
[Round "-"]
[White "im_cincinnati_kid37"]
[Black "MazetaFighter"]
[Result "0-1"]
[WhiteCountry "USA"]
[BlackCountry "GRE"]
[WhiteElo "1115"]
[WhiteRD "157"]
[BlackElo "1470"]
[BlackRD "157"]
[GameID "728374"]

1. e4 c5 2. c3 d5 3. d4 cxd4 4. cxd4 Nc6 5. Nf3 Qb6 6. Qa4 Bd7 7. Qb3 Nxd4 8. Nxd4 Qxd4 9. Qd3 Qxd3 10. Bxd3 e5
11. Be2 Nf6 12. d3 Bc5 13. e3 O-O 14. O-O Rac8 15. b3 d4 16. Nd2 dxe3 17. fxe3 Bxe3+ 18. Kh1 Rxc1 19. Rfxc1 Bxd2 20. Rd1 Ba5
21. a4 a6 22. Ra2 Bc6 23. h3 Ne4 24. Rf1 Ng3+ 25. Kg1 Nxf1 26. Bxf1 Rd8 27. Be2 Rd6 28. Kf2 Rf6+ 29. Kg3 Bc7 30. Kh2 Rf2
31. Kg1 Rxg2+ 32. Kf1 Kf8 33. Ke1 Ba5+ 34. Kd1 Bf3 35. Rc2 Rg1#
0-1

[Event "Sideways Pawns: Increase pawn strength"]
[Site "SchemingMind.com"]
[Date "2022.11.14"]
[Round "-"]
[White "im_cincinnati_kid37"]
[Black "magier72"]
[Result "0-1"]
[WhiteCountry "USA"]
[BlackCountry "GER"]
[WhiteElo "973"]
[WhiteRD "134"]
[BlackElo "1411"]
[BlackRD "99"]
[GameID "728376"]

1. e4 c5 2. Nc3 Nc6 3. Nf3 d6 4. Bc4 g6 5. Ng5 e6 6. Nf3 Bg7 7. Bb5 Ne7 8. Nd5 exd5 9. exd5 Nxd5 10. a3 Qb6
11. Ba4 b5 12. Bb3 Bg4 13. Bxd5 e6 14. Be4 O-O-O 15. h3 Bf5 16. Bxf5 exf5 17. Ng5 Rhe8+ 18. Kf1 h6 19. Nxf7 Rd7 20. Nxh6 Bxh6
21. g3 Rde7 22. Kg2 Qd4 23. c3 Qe4+ 24. Kg1 Qxh1+ 25. Kxh1 Re1+ 26. Qxe1 Rxe1+ 27. Kg2 Bxd2 28. Bxd2 Rxa1 29. Be3 Kd7 30. h4 Ke6
31. f4 e5 32. fxe5 Nxe5 33. Kh3 a5 34. Bb6 Nc4 35. b3 Nxb6 36. c4 c5 37. a4 d5 38. Kg4 dxc4 39. Kg5 f6+ 40. Kg6 c3
41. h5 Rg1 42. g4 Rxg4+ 43. Kh7 c2 44. h6 g6
0-1

[Event "Sideways Pawns: Increase pawn strength"]
[Site "SchemingMind.com"]
[Date "2022.11.14"]
[Round "-"]
[White "magier72"]
[Black "im_cincinnati_kid37"]
[Result "1-0"]
[WhiteCountry "GER"]
[BlackCountry "USA"]
[WhiteElo "1377"]
[WhiteRD "96"]
[BlackElo "1099"]
[BlackRD "154"]
[GameID "728377"]

1. e4 e5 2. f4 Nc6 3. Nf3 exf4 4. Bc4 Qe7 5. d3 g5 6. Nc3 a6 7. h4 gxh4 8. Bxf4 Nf6 9. Qd2 d6 10. Bg5 h6
11. Nd5 hxg5 12. Nxe7 Bxe7 13. Nxg5 Ng8 14. Bxf7+ Kd8 15. Bd5 Bd7 16. Nf7+ Ke8 17. Nxh8 Bf6 18. Ng6 Rb8 19. Rf1 Nce7 20. Bxg8 Nxg8
21. Rxf6 Nxf6 22. Qg5 Kf7 23. Nxh4 Rg8 24. Qa5 c6 25. O-O-O Rc8 26. Rf1 Be6 27. a4 Bg4 28. Qg5 Rg8 29. Qxf6+ Ke8 30. Qxd6 Bc8
31. e5 a5 32. Ng6 Rxg6 33. Rf8#
1-0

[Event "Sideways Pawns: Increase pawn strength"]
[Site "SchemingMind.com"]
[Date "2022.11.13"]
[Round "-"]
[White "im_cincinnati_kid37"]
[Black "Robert Hatfield"]
[Result "0-1"]
[WhiteCountry "USA"]
[BlackCountry "USA"]
[WhiteElo "1115"]
[WhiteRD "157"]
[BlackElo "1483"]
[BlackRD "161"]
[GameID "728378"]

1. e4 e5 2. Nf3 Nc6 3. d3 Bc5 4. a3 a5 5. c3 Nf6 6. Nbd2 Ng4 7. d4 exd4 8. cxd4 Bb6 9. Qe2 d6 10. f4+ Qe7
11. Qxe7+ Kxe7 12. Ne4 Bf5 13. Bd3 Rhe8 14. h3 Bxe4 15. Bxe4 Kf8 16. hxg4 Rxe4+ 17. Be3 Kg8 18. O-O Nxd4 19. Nxd4 Bxd4 20. Bxd4 Rxd4
21. g3 Re8 22. Rab1 Re2 23. Kg2 Rdd2 24. Kf3 Rxb2 25. Rxb2 Rxb2 26. a4 Kf8 27. g5 Ra2 28. Rb1 b6 29. Kg2 Rxa4 30. Rb2 Rb4
31. Ra2 Ke7 32. Kh3 a4 33. Kg4 b5
0-1